| 000 | 00468nam a2200145Ia 4500 | ||
|---|---|---|---|
| 005 | 20241127005036.0 | ||
| 008 | 240331s9999 xx 000 0 und d | ||
| 082 |
_bKAI _a894 |
||
| 100 | _aKailasapathy, K | ||
| 245 | 0 | _aTamil heroic poetry | |
| 260 |
_aColombo- Chennai _bKumaran Books House _c2002 |
||
| 300 | _aXV, 282 p ., | ||
| 500 | _aThis is a study of the heroic poetry of an ancient people of South India Which has hitherto been largely neglected. | ||
| 942 | _cL | ||
| 999 |
_c3404 _d3404 |
||